000 00324nam a2200133Ia 4500
008 240624s9999 xx 000 0 und d
041 _aeng
082 _a823 BON
100 _aBOND RUSKIN
245 _aTHING IN THE UPPER ROOM
260 _c2019
_aNew Delhi
_bRupa & Company
300 _avii, 191 p.; 23 cm.
365 _cRS
999 _c31915
_d31915